Sicilia occidentale: studi, rassegne, ricerche

Spremljeno u:
Bibliografski detalji
Glavni autor: Ampolo, Carmine (Autor)
Format: Knjiga
Jezik:talijanski
Izdano: Pisa Della Normale 2012
Izdanje:1a. ed
Serija:Seminari e Convegni, 29
Teme:
Oznake: Dodaj oznaku
Bez oznaka, Budi prvi tko označuje ovaj zapis!

MARC

LEADER 00000cam a2200000 a 4500
001 UCE3804
003 CL-VaPUC
008 140925e20120000it |||||||||||||||||ita|d
020 |a 9788876424519 
082 0 4 |a 930.1  |b AMP  |2 21 
100 0 |a Ampolo, Carmine  |e author  |9 576330 
245 1 0 |a Sicilia occidentale: studi, rassegne, ricerche 
250 |a 1a. ed 
300 |a 351 p 
942 |c BK 
945 |d 20140925 17:45:00  |a arojas 
260 |a Pisa  |b Della Normale  |c 2012 
500 |a Incluye cd 
650 0 |a Arqueología   |9 265619 
650 7 |a EXCAVACIONES ARQUEOLOGICAS  |2 CL-VaPUC  |9 310948 
650 0 |a Antigüedades  |9 266390 
651 0 |a Sicilia  |9 347334 
651 0 |a Italia  |9 254949 
583 |a last modification  |c 20140925 17:45:00  |k Rodrigo Vera 
490 0 |a Seminari e Convegni, 29 
999 |c 356954  |d 356952 
952 |0 0  |1 0  |3 erb  |4 0  |6 930_100000000000000_AMP_2012  |7 0  |8 A  |9 464748  |a BIBHIS  |b BIBHIS  |i 5115132  |o 930.1 AMP 2012  |p 5115132  |r 2025-01-20  |w 2019-11-23  |y BK  |z Catalogado en:20140925  |k HIS